| 000 | 00548nam a2200205Ia 4500 | ||
|---|---|---|---|
| 003 | OSt | ||
| 005 | 20250401150845.0 | ||
| 008 | 210707s1982 xx 000 0 und d | ||
| 040 | _cAL | ||
| 041 | _aKannada | ||
| 082 | _aK894.3 INDG | ||
| 100 |
_aINDIRA (M K) _960633 _dಇಂದಿರಾ (ಎಂ ಕೆ) |
||
| 245 | _aGejjepuje ಗೆಜ್ಜೆಪೂಜೆ | ||
| 260 |
_aBengaluru _bVishva Kannada Sammelana _c1982 |
||
| 300 | _aiv,220 p | ||
| 365 |
_b2 _cINR |
||
| 563 | _aHB | ||
| 650 |
_aKannada Fiction _960634 |
||
| 942 |
_2ddc _cBK |
||
| 999 |
_c180137 _d180137 |
||